1371 1499 1075 1839 1396 1085 1256 1147 1444 1254 1700 1545 1334 1309 1188 1438 1785 1751 1502 1512 1155 1831 1978 1743 1175 1186 1986 1349 1807 1312 1494 1554 1687 1139 1895 1086 1248 1462 1895 1648 1203 1946 1565 1508 1953 1366 1571 1727 1225 1446 1517 1170 1450 1992 1838 1415 1474 1229 1655 1410 1558 1055 1696 1386 1648 1040 1365 1932 1844 1159 1563 1723 1935 1075 1690 1197 1261 1377 1034 1878 1595 1848 1128 1775 1702 1653 1508 1300 1328 1031 1861 1265 1482 1077 1405 1198 1873 1961 1824 BCNSPRNW ULIB Ver.6.0+V

เปลี่ยนเป็นภาษาไทย

Change to English
 แสดงรายละเอียดบรรณานุกรม
  กลับหน้าหลัก

Brief Record : Get Marc (ISO 2709) : E-mail record : QR code < ปิดหน้าต่าง
LEADER : 00000nam 2200000uu 4500
001    13399127411
003     ULIB
008    020711s2559 th a 000 0 tha d
020    ู^a9786162665301
050  0 ^aนว^bน196บ
100    ^aนภัค
245    ^aบรรณาการรักซาตาน
250    ^aพิมพ์ครั้งที่ 1
260    ^aกรุงเทพฯ :^bอินเลิฟ พับลิชชิ่ง คอร์เปอร์เรชั่น จำกัด,^c2559
300    ^a382 หน้า;^b21 ซม.
650    ^aนวนิยาย
945    ^p349^l0^i007085
999    ^aประนอม เกษจรัล
รายการนี้ยังไม่มีแท็ก
คุณยังไม่ได้ล็อกอิน คุณสามารถมีกิจกรรมร่วมกับเว็บไซต์ได้ แต่ต้องล็อกอินก่อน ::
  ล็อกอิน

รายการสื่อสารสนเทศ

ลำดับที่ ประเภท เลขเรียก/บาร์โค้ด สถานที่ สถานะ
1. นวนิยาย
นวนิยาย
นว น196บ ฉ.1 
  Barcode: 007085
ห้องสมุดวิทยาเขตสวรรค์ประชารักษ์
►หนังสือทั่วไป
บนชั้น

รายการใกล้เคียง
    หัวเรื่อง [นวนิยาย]

BibComment


ยังไม่เคยถูกคอมเมนท์

คอมเมนท์ทรัพยากรรายการนี้
  คอมเมนท์: บรรณาการรักซาตาน


 Copyright 2026. Bcnsprnw @Library